000 01241nam a22003257a 4500
003 DO-SdBNP
005 20180312132814.0
008 160511b 2004 dr00| 0 spa d
020 _a8482617192 (Módulo 2)
020 _a8482617206 (Módulo 3)
020 _a8482617257 (Módulo 8)
040 _aBPMSU
_bspa
_cBPMSU
082 4 _a374.83
_bP927e 2do. 2004
245 _aPrepara educación de adultos :
_b2º bachillerato /
_cManuel García Cartagena ... [et al.] ; dirección editorial Obdulia García de Escobar
250 _a2a ed.
260 _aSanto Domingo :
_bSecretaría de Estado de Educación ;
_bSantillana ;
_c2004.
300 _av. :
_bil. ;
_c28 cm.
490 1 _aSantillana adultos
500 _aLa biblioteca posee los módulos 2, 3 y 8
650 4 _aEDUCACIÓN SECUNDARIA DE ADULTOS
_xREPÚBLICA DOMINICANA
650 4 _aEDUCACIÓN SECUNDARIA DE ADULTOS
_xESTUDIOS Y EJERCICIOS
650 4 _aEDUCACIÓN SECUNDARIA DE ADULTOS
_xLIBROS DE TEXTOS
700 1 _3García Cartagena, Manuel
700 1 2 _aGarcía de Escobar, Obdulia,
_eed.
830 0 _aSantillana adultos
910 _aValidado. Control de calidad MFF
942 _2ddc
_cBK
945 _aRemanejada para la BNPHU 2018 / BT
956 _aBTAVÁREZ
_b10
_dBPMSU
999 _c10092
_d10092